|
|
|
|
| LEADER |
02061nam a2200385 a 4500 |
| 001 |
31232 |
| 003 |
BD-DhAAL |
| 005 |
20160828153653.0 |
| 008 |
160828s2012 nyua b 001 0 eng |
| 010 |
|
|
|a 2010048332
|
| 020 |
|
|
|a 9789339203276
|
| 020 |
|
|
|a 9339203275
|
| 020 |
|
|
|a 9780073380667 (alk. paper)
|
| 040 |
|
|
|a DLC
|c DLC
|d DLC
|d BD-DhAAL
|
| 050 |
0 |
0 |
|a QC670
|b .H39 2012
|
| 082 |
0 |
0 |
|a 530.14/1
|2 22
|
| 999 |
|
|
|c 37766
|d 37766
|
| 999 |
|
|
|c 37766
|
| 100 |
1 |
|
|a Hayt, William Hart,
|d 1920-
|9 20393
|
| 245 |
1 |
0 |
|a Engineering electromagnetics /
|c William H. Hayt, Jr., John A. Buck.
|
| 250 |
|
|
|a 8th ed.
|
| 260 |
|
|
|a New York, NY ;
|a New Delhi :
|b McGraw-Hill,
|c c2012 + 1 CD ROM
|
| 300 |
|
|
|a xiv, 632 p. :
|b ill. ;
|c 24 cm.
|
| 504 |
|
|
|a Includes bibliographical references and index.
|
| 526 |
|
|
|a EEE
|
| 541 |
|
|
|e 31232, 31233, 31234
|
| 650 |
|
0 |
|a Electromagnetic theory.
|9 20394
|
| 700 |
1 |
|
|a Buck, John A.
|9 20395
|
| 942 |
|
|
|2 ddc
|c BK
|
| 952 |
|
|
|0 0
|1 0
|2 ddc
|4 0
|6 530_141000000000000_HAY
|7 0
|9 59573
|a BRACUL
|b BRACUL
|c GEN
|d 2016-08-28
|e Trim Education
|g 972.00
|l 8
|m 89
|o 530.141 HAY
|p 3010031232
|r 2022-11-09
|s 2022-11-02
|t 1
|w 2016-08-28
|y BK
|
| 952 |
|
|
|0 0
|1 0
|2 ddc
|4 0
|6 530_141000000000000_HAY
|7 0
|9 59574
|a BRACUL
|b BRACUL
|c GEN
|d 2016-08-28
|e Trim Education
|g 972.00
|l 8
|m 67
|o 530.141 HAY
|p 3010031233
|r 2026-04-27
|s 2026-04-16
|t 2
|w 2016-08-28
|y BK
|
| 952 |
|
|
|0 0
|1 0
|2 ddc
|4 0
|6 530_141000000000000_HAY
|7 0
|9 59575
|a BRACUL
|b BRACUL
|c GEN
|d 2016-08-28
|e Trim Education
|g 972.00
|l 9
|m 94
|o 530.141 HAY
|p 3010031234
|r 2026-04-27
|s 2026-04-16
|t 3
|w 2016-08-28
|y BK
|
| 952 |
|
|
|0 0
|1 0
|2 ddc
|4 0
|6 530_141000000000000_HAY
|7 0
|9 59576
|a BRACUL
|b BRACUL
|c AV
|d 2016-08-28
|e Trim Education
|g 972.00
|l 0
|o 530.141 HAY
|p 4010031232
|r 2016-08-28
|t 1
|w 2016-08-28
|y AV
|
| 952 |
|
|
|0 0
|1 0
|2 ddc
|4 0
|6 530_141000000000000_HAY
|7 0
|9 59577
|a BRACUL
|b BRACUL
|c AV
|d 2016-08-28
|e Trim Education
|g 972.00
|l 0
|o 530.141 HAY
|p 4010031233
|r 2016-08-28
|t 2
|w 2016-08-28
|y AV
|
| 952 |
|
|
|0 0
|1 0
|2 ddc
|4 0
|6 530_141000000000000_HAY
|7 0
|9 59578
|a BRACUL
|b BRACUL
|c AV
|d 2016-08-28
|e Trim Education
|g 972.00
|l 0
|o 530.141 HAY
|p 4010031234
|r 2016-08-28
|t 3
|w 2016-08-28
|y AV
|